|
|
|
|
| LEADER |
00000nam0a2200000 4500 |
| 001 |
184193 |
| 005 |
20231031172119.0 |
| 010 |
|
|
|a 9785699359004
|
| 035 |
|
|
|a (RuTPU)RU\TPU\book\199681
|
| 090 |
|
|
|a 184193
|
| 100 |
|
|
|a 20100830d2009 m y0rusy50 ca
|
| 101 |
0 |
|
|a rus
|
| 102 |
|
|
|a RU
|
| 105 |
|
|
|a y z 000ay
|
| 200 |
1 |
|
|a Welcome в прошлое
|e роман
|f Т. В. Полякова
|
| 210 |
|
|
|a Москва
|c Эксмо
|d 2009
|
| 215 |
|
|
|a 352 с.
|
| 225 |
1 |
|
|a Авантюрный детектив
|
| 330 |
|
|
|a Он хорошо видел девушку сквозь стекла бинокля. Он лежал на крыше и улыбался, разглядывая ее. Красивая, в шелковом до щиколоток одеянии, она выглядела величественно, словно королева. Но больше всего поражали ее глаза. Чуть раскосые, ярко-зеленого, как изумруд, цвета. Девушка смотрела на вечерний город. Мужчина усмехнулся и достал мобильник. Он хотел увидеть выражение ее лица, когда она получит sms. В послании был лишь вопрос: «Так кто убил Че?» Он отложил бинокль и громко произнес: «Добро пожаловать в прошлое"
|
| 610 |
1 |
|
|a русская литература
|
| 610 |
1 |
|
|a романы
|
| 610 |
1 |
|
|a детективы
|
| 675 |
|
|
|a Р2
|v 3
|
| 700 |
|
1 |
|a Полякова
|b Т. В.
|g Татьяна Викторовна
|
| 801 |
|
1 |
|a RU
|b 63413507
|c 20100830
|
| 801 |
|
2 |
|a RU
|b 63413507
|c 20100909
|g RCR
|
| 942 |
|
|
|c BK
|